| Tag |
First Indicator |
Second Indicator |
Subfields |
| LEADER |
00000cam a22000008a 4500 |
| 001 |
in00000007111 |
| 005 |
20191214063313.0 |
| 008 |
870318s1987 enk 00010 eng |
| 010 |
|
|
|a 87007784
|
| 020 |
|
|
|a 0192820796 :
|c $7.50
|
| 035 |
|
|
|a (OCoLC)15488381
|
| 035 |
|
|
|9 AAA1581AM
|
| 040 |
|
|
|a DLC
|c DLC
|d m/c
|d TXA
|d UtOrBLW
|
| 049 |
|
|
|a TXAM
|c [A12561205]
|
| 050 |
0 |
0 |
|a PR6039.O349
|b R4 1987
|
| 082 |
0 |
|
|a 821/.914
|2 19
|
| 100 |
1 |
|
|a Tomlinson, Charles,
|d 1927-2015.
|
| 245 |
1 |
4 |
|a The return /
|c Charles Tomlinson.
|
| 264 |
|
1 |
|a Oxford ;
|a New York :
|b Oxford University Press,
|c 1987.
|
| 300 |
|
|
|a 51 pages
|
| 336 |
|
|
|a text
|b txt
|2 rdacontent
|
| 337 |
|
|
|a unmediated
|b n
|2 rdamedia
|
| 338 |
|
|
|a volume
|b nc
|2 rdacarrier
|
| 490 |
1 |
|
|a Oxford poets
|
| 490 |
1 |
|
|a Oxford paperbacks
|
| 830 |
|
0 |
|a Oxford poets.
|
| 830 |
|
0 |
|a Oxford paperbacks.
|
| 999 |
|
|
|a MARS
|
| 999 |
f |
f |
|s fb86f824-4e7a-39fd-b6b1-b0753adf9df4
|i 3420fc75-7623-316c-b8e6-fdcd986460a8
|t 0
|
| 952 |
f |
f |
|p ric
|a Texas A&M University
|b Rellis Campus
|c Joint Library Facility
|d Remote Storage
|t 0
|e PR6039.O349 R4 1987
|h Library of Congress classification
|i unmediated -- volume
|m A14812561205
|
| 998 |
f |
f |
|a PR6039.O349 R4 1987
|t 0
|l Remote Storage
|